000 00455nam a2200181Ia 4500
001 11668
005 20260306162845.0
008 260306t1994||||xx |||||||||||||| ||spa||
041 _aESP
082 _a986.6
_bN94
100 _aNuñez Sánchez, Jorge
_eAUT
245 0 _aLa historiografía ecuatoriana contemporánea 1970-1994
260 _c1994
300 _a135 páginas :
_c20 cm.
650 _aGEN
654 _aCHU
942 _cLIB
_dJUS
_fJUS
_2ddc
_n
999 _c11668
_d11668